000 00181 a2200097 4500
020 _a9780439795944
041 _aeng
100 _aWilhelm,hans
245 _ai love snow
942 _cBK
999 _c31872
_d31870